| 000 | 00438nam a2200181Ia 4500 | ||
|---|---|---|---|
| 001 | 26215 | ||
| 008 | 140414s9999 xx 000 0 und d | ||
| 020 | _a0-851424-39-2 | ||
| 040 | _cPK-LaUMT | ||
| 082 |
_a 004.67 _bTIP- |
||
| 100 | _aMark Kerr | ||
| 245 |
_aTips and tricks for web site managers _cMark Kerr |
||
| 260 |
_aLondon,UK: _bAslib, _c2001 |
||
| 300 | _a170 p. | ||
| 546 | _aEN | ||
| 650 | _aComputer networks | ||
| 942 | _cBK | ||
| 999 |
_c26378 _d26378 |
||